000 00795nam a2200301Ia 4500
008 170203s9999 xx 000 0 und d
020 _a0-439632404
050 _aFic
050 _bW873k
100 _aWood, Audrey.
245 _aKing Bidgood's in the bathtub /
245 _cwritten by Audrey Wood ; illustrated by Don Wood.
260 _aNew York :
260 _bScholastic,
260 _c2004,
300 _a1 volume (unpaged) :
300 _bcolor illustrations ;
300 _c27 cm
650 _aBaths --
650 _aBaths --
650 _aKings and rulers, etc. --
650 _aKings, queens, rulers, etc. --
650 _aPicture books.
650 _xFiction.
650 _xFiction.
650 _xJuvenile fiction.
650 _xJuvenile fiction.
999 _c306303
_d306303